Normal view
MARC view
- Nadeem Anwer Qureshi Maj Dr
Entry Personal Name
001 - CONTROL NUMBER
- control field: 48351
003 - CONTROL NUMBER IDENTIFIER
- control field: NUST
005 - DATE AND TIME OF LATEST TRANSACTION
- control field: 20210314134033.0
008 - FIXED-LENGTH DATA ELEMENTS
- fixed length control field: 210314|| aca||aabn | a|a d
040 ## - CATALOGING SOURCE
- Original cataloging agency: NUST
- Transcribing agency: NUST
100 ## - HEADING--PERSONAL NAME
- Personal name: Nadeem Anwer Qureshi Maj Dr
670 ## - SOURCE DATA FOUND
- Source citation: Work cat.: (NUST): Muhammad Umair Muddassir 48299, Development of web based application for user friendly access, analysis and sharing of pavement data base created on GIS , 18 Jul 2014.
